Lokamanya Balagangadhara Thilakan / (Record no. 723)
[ view plain ]
| 000 -LEADER | |
|---|---|
| fixed length control field | 00405cam a2200169ua 4500 |
| 041 ## - LANGUAGE CODE | |
| Language code of text/sound track or separate title | mal |
| 082 ## - DEWEY DECIMAL CLASSIFICATION NUMBER | |
| Classification number | 923.2 |
| Item number | MEN/LO |
| 100 ## - MAIN ENTRY--AUTHOR NAME | |
| Personal name | Menon, M.S . |
| 245 ## - TITLE STATEMENT | |
| Title | Lokamanya Balagangadhara Thilakan / |
| 260 ## - PUBLICATION, DISTRIBUTION, ETC. (IMPRINT) | |
| Place of publication | Thrissur : |
| Name of publisher | Current Books , |
| Year of publication | 1970. |
| 300 ## - PHYSICAL DESCRIPTION | |
| Number of Pages | 207 ; . |
| 942 ## - ADDED ENTRY ELEMENTS (KOHA) | |
| Koha item type | Books |
| Withdrawn status | Lost status | Damaged status | Home library | Current library | Date acquired | Full call number | Accession Number | Koha item type |
|---|---|---|---|---|---|---|---|---|
| KAUAET | KAUAET | 07/04/2012 | 923.2 | 12923 | Books |
